What lies beneath (Record no. 70420)

MARC details
000 -LEADER
fixed length control field 00966cam a2200229 4500
001 - CONTROL NUMBER
control field WB3820-25
008 - FIXED-LENGTH DATA ELEMENTS--GENERAL INFORMATION
fixed length control field 020606n2002 000 0 eng u
035 ## - SYSTEM CONTROL NUMBER
System control number (Sirsi) u118289
245 ## - TITLE STATEMENT
Title What lies beneath
260 ## - PUBLICATION, DISTRIBUTION, ETC.
Date of publication, distribution, etc. 2002
490 ## - SERIES STATEMENT
Series statement Estates Gazette
Volume/sequential designation (0222) 1 June 2002, 132(1)
520 ## - SUMMARY, ETC.
Summary, etc. "Tomlinson v Congleton BC" [2002] 12 EG(CS) 136 has awakened fears that landowners must act on dangers inherent on their property. Following a decision where, a swimmer in a lake was paralysed after an accident, and on appeal, the judge held the swimmer two thirds responsible, on the ground of contributory negligence, but liability by the defendant local authority was not ruled out.
590 ## - LOCAL NOTE (RLIN)
Local note WB
650 ## - SUBJECT ADDED ENTRY--TOPICAL TERM
Topical term or geographic name entry element TRESPASSERS
650 ## - SUBJECT ADDED ENTRY--TOPICAL TERM
Topical term or geographic name entry element DUTY OF CARE
650 ## - SUBJECT ADDED ENTRY--TOPICAL TERM
Topical term or geographic name entry element LOCAL AUTHORITIES
650 ## - SUBJECT ADDED ENTRY--TOPICAL TERM
Topical term or geographic name entry element OCCUPIERS
650 ## - SUBJECT ADDED ENTRY--TOPICAL TERM
Topical term or geographic name entry element OCCUPIERS LIABILITY ACT 1984
650 ## - SUBJECT ADDED ENTRY--TOPICAL TERM
Topical term or geographic name entry element TOMLINSON V CONGLETON BC
690 ## - LOCAL SUBJECT ADDED ENTRY--TOPICAL TERM (OCLC, RLIN)
Topical term or geographic name as entry element PROPERTY AND LAND LAW-CASE LAW
942 ## - ADDED ENTRY ELEMENTS (KOHA)
Suppress in OPAC 0
Holdings
Withdrawn status Lost status Source of classification or shelving scheme Damaged status Not for loan Home library Current library Shelving location Date acquired Total Checkouts Full call number Barcode Date last seen Copy number Price effective from Koha item type
    Dewey Decimal Classification     London London News article 06/06/2002   WB3820-25 118289-1001 06/08/2019 1 06/08/2019 News article